LEADER 01650nlm0 22004811i 450 001 990009244840403321 010 $a9783540322849 035 $a000924484 035 $aFED01000924484 035 $a(Aleph)000924484FED01 035 $a000924484 100 $a20100926d2005----km-y0itay50------ba 101 0 $aeng 102 $aDE 135 $adrnn-008mamaa 200 1 $aAdvances in Visual Computing$bRisorsa elettronica$eFirst International Symposium, ISVC 2005, Lake Tahoe, NV, USA, December 5-7, 2005. Proceedings$fedited by George Bebis, Richard Boyle, Darko Koracin, Bahram Parvin 210 $aBerlin ; Heidelberg$cSpringer$d2005 225 1 $aLecture Notes in Computer Science$x0302-9743$v3804 230 $aDocumento elettronico 336 $aTesto 337 $aFormato html, pdf 702 1$aBebis,$bGeorge 702 1$aBoyle,$bRichard 702 1$aKoracin,$bDarko 702 1$aParvin,$bBahram 801 0$aIT$bUNINA$gREICAT$2UNIMARC 856 4 $zFull text per gli utenti Federico II$uhttp://dx.doi.org/10.1007/11595755 901 $aEB 912 $a990009244840403321 961 $aAlgorithm Analysis and Problem Complexity 961 $aArtificial intelligence 961 $aArtificial Intelligence (incl. Robotics) 961 $aComputer graphics 961 $aComputer Graphics 961 $aComputer science 961 $aComputer Science 961 $aComputer software 961 $aComputer vision 961 $aImage Processing and Computer Vision 961 $aOptical pattern recognition 961 $aPattern Recognition 996 $aAdvances in Visual Computing$9772261 997 $aUNINA LEADER 00977nam a22002531i 4500 001 991002719649707536 005 20040312150842.0 008 040624s1963 gw |||||||||||||||||lat 035 $ab12967385-39ule_inst 035 $aARCHE-092506$9ExL 040 $aDip.to Beni Culturali$bita$cA.t.i. Arché s.c.r.l. Pandora Sicilia s.r.l. 082 04$a878 245 00$aOrphicorum fragmenta /$ccollegit Otto Kern 250 $a2. Aufl. 260 $aBerolini :$bapud Weidmannos,$c1963 300 $aX, 407 p. ;$c21 cm 500 $aRipr. facs. dell'ed.: Berlin : Weidmann, 1922. 700 1 $aKern, Otto$eauthor$4http://id.loc.gov/vocabulary/relators/aut$0153755 907 $a.b12967385$b02-04-14$c12-07-04 912 $a991002719649707536 945 $aLE001 Tb 2 ORPH. 1$g1$i2001000093793$lle001$nC. 1$o-$pE0.00$q-$rl$s- $t0$u0$v0$w0$x0$y.i13569454$z12-07-04 996 $aOrphicorum fragmenta$91449228 997 $aUNISALENTO 998 $ale001$b12-07-04$cm$da $e-$flat$ggw $h0$i1